000 00245nam a2200097Ia 4500
001 759577
005 20250826164918.0
008 250824s9999 xx 000 0 und d
245 0 _aİSLAM AKAİDİ
_cŞERAFEDDİN GÖLCÜK
260 _bKİTAP DÜNYASI
999 _c759577
_d759577